ARRUPE JESUIT UNIVERSITY

CORONAVIRUS -STOP THE SPREAD - CLEAN,DISINFECT,COVER

The language of psychology (Record no. 119171)

MARC details
000 -LEADER
fixed length control field 00845cam a2200301 4500
001 - CONTROL NUMBER
control field 2017534
003 - CONTROL NUMBER IDENTIFIER
control field ARRUPE
005 - DATE AND TIME OF LATEST TRANSACTION
control field 20131211020006.0
008 - FIXED-LENGTH DATA ELEMENTS--GENERAL INFORMATION
fixed length control field 720104s1959 nyua b 001 0 eng
010 ## - LIBRARY OF CONGRESS CONTROL NUMBER
LC control number 59010997 /L
035 ## - SYSTEM CONTROL NUMBER
System control number (OCoLC)ocm00190679
035 ## - SYSTEM CONTROL NUMBER
System control number (NNC)2017534
040 ## - CATALOGING SOURCE
Original cataloging agency DLC
Transcribing agency WSU
Modifying agency OCL
-- SER
-- NLM
-- ZCU
050 0# - LIBRARY OF CONGRESS CALL NUMBER
Classification number BF38
Item number .M35
060 0# - NATIONAL LIBRARY OF MEDICINE CALL NUMBER
Classification number BF 38
Item number M272L 1959
082 ## - DEWEY DECIMAL CLASSIFICATION NUMBER
Classification number 150.14
090 ## - LOCALLY ASSIGNED LC-TYPE CALL NUMBER (OCLC); LOCAL CALL NUMBER (OCLC)
Classification number (OCLC) (R) ; Classification number, CALL (RLIN) (NR) BF38
Local cutter number (OCLC) ; Book number/undivided call number, CALL (RLIN) .M31 1959
300 ## - PHYSICAL DESCRIPTION
Other physical details illus.
Dimensions 24 cm.
100 1# - MAIN ENTRY--PERSONAL NAME
Personal name Mandler, George.
9 (RLIN) 5422
245 14 - TITLE STATEMENT
Title The language of psychology
Statement of responsibility, etc [by] George Mandler [and] William Kessen.
260 ## - PUBLICATION, DISTRIBUTION, ETC. (IMPRINT)
Place of publication, distribution, etc New York,
Name of publisher, distributor, etc Wiley
Date of publication, distribution, etc [1959]
300 ## - PHYSICAL DESCRIPTION
Extent 301 p.
504 ## - BIBLIOGRAPHY, ETC. NOTE
Bibliography, etc Includes bibliography.
650 #0 - SUBJECT ADDED ENTRY--TOPICAL TERM
Topical term or geographic name as entry element Psychology.
9 (RLIN) 20
650 #2 - SUBJECT ADDED ENTRY--TOPICAL TERM
Topical term or geographic name as entry element Psychology.
9 (RLIN) 20
700 1# - ADDED ENTRY--PERSONAL NAME
Personal name Kessen, William,
Relator term author.
9 (RLIN) 5423
942 ## - ADDED ENTRY ELEMENTS (KOHA)
Source of classification or shelving scheme Library of Congress Classification
Koha item type REFERENCE
Koha issues (borrowed), all copies 1
Holdings
Withdrawn status Lost status Source of classification or shelving scheme Damaged status Not for loan Home library Current library Shelving location Date acquired Total Checkouts Full call number Barcode Date last seen Date checked out Price effective from Koha item type
    Library of Congress Classification     ARRUPE LIBRARY ARRUPE LIBRARY Main Collection 10/12/2013 1 BF38 .M35 46003006378 13/09/2016 10/12/2013 10/12/2013 Monograph ( Printed materials)

 

Arrupe Library. PO Box MP320 Mt Pleasant, Harare, Zimbabwe
263 242 745411|librarian@aju.ac.zw